000 00397nam a2200157Ia 4500
008 230917s9999||||xx |||||||||||||| ||und||
040 _e195882
_aMAIN
041 _aEnglish
082 _a641.57 P286C(3)
100 _aPauli, Philip
245 0 _aClassical cooking the modern way: Recipes
250 _a3rd ed.
260 _aNew York
_bJohn Wiley
_c1997
300 _axii, 417 p.
942 _cBK
999 _c165003
_d165003